On American Democracy (Top and Bottom) (Chinese Edition) / (Record no. 591750)
[ view plain ]
| 000 -LEADER | |
|---|---|
| fixed length control field | 00416nam a22001337a 4500 |
| 020 ## - INTERNATIONAL STANDARD BOOK NUMBER | |
| International Standard Book Number | 9787569909395 |
| 082 ## - DEWEY DECIMAL CLASSIFICATION NUMBER | |
| Classification number | 320.973 |
| Author Mark | TOC |
| 100 ## - MAIN ENTRY--PERSONAL NAME | |
| Personal name | Tocqueville, Law |
| 245 ## - TITLE STATEMENT | |
| Title | On American Democracy (Top and Bottom) (Chinese Edition) / |
| Statement of responsibility, etc. | Law Tocqueville |
| 260 ## - PUBLICATION, DISTRIBUTION, ETC. | |
| Place of publication, distribution, etc. | China : |
| Name of publisher, distributor, etc. | Beijing Times Chines Bookstore, |
| Date of publication, distribution, etc. | 2016. |
| 300 ## - PHYSICAL DESCRIPTION | |
| Extent | Volume |
| 880 ## - ALTERNATE GRAPHIC REPRESENTATION | |
| Linkage | 245-02\r |
| Title | 论美国的民主(上下) / |
| 942 ## - ADDED ENTRY ELEMENTS (KOHA) | |
| Source of classification or shelving scheme | |
| Koha item type | Book |
| Withdrawn status | Lost status | Source of classification or shelving scheme | Damaged status | Not for loan | Permanent Location | Current Location | Shelving location | Date acquired | Source of acquisition | Total Checkouts | Full call number | Barcode | Date last seen | Price effective from | Koha item type |
|---|---|---|---|---|---|---|---|---|---|---|---|---|---|---|---|
| Central Library (CL) | Central Library (CL) | Chinese Studies | 10/13/2022 | Donated by China Embassy | 320.973 TOC | CL-D-2047 | 10/13/2022 | 10/13/2022 | Book | ||||||
| NUST Law School (NLS) | NUST Law School (NLS) | Chinese Studies | 10/13/2022 | Donated by China Embassy | 320.973 TOC | CL-D-2048 | 10/13/2022 | 10/13/2022 | Book |
